Score 0/17 Timer 03:00
1 Play Today
Hint 4-Letter Word % Correct
AutumnFALL
98.2%
Physical sufferingPAIN
95.3%
Sort papers into storageFILE
94.8%
BucketPAIL
94.8%
Take up the available space inFILL
94.2%
Shoot (a weapon)FIRE
93%
Casket coverPALL
90.9%
Well-mannered fellowGENT
88.3%
CrookedBENT
87.9%
Hint 4-Letter Word % Correct
Actor Richard of 'Pretty Woman'GERE
87.4%
Actor Wilder of 'Blazing Saddles'GENE
87.2%
IrelandEIRE
79.4%
Titular novel character JaneEYRE
79.1%
Triumph overBEAT
74.7%
'Did ___ and gimble in the wabe' - CarrollGYRE
71.6%
Boyfriend; suitorBEAU
63%
Author Banks (sometimes M. Banks)IAIN
20.2%

Today's Daily Dose

Remove Ads.
Support Sporcle.
Get the best of Sporcle when you Go Orange. This ad-free experience offers more features, more stats, and more fun while also helping to support Sporcle. Thank you for becoming a member.

You're not logged in!

Compare scores with friends on all Sporcle quizzes.
OR
Log In

Show Comments

Extras

Top Quizzes Today


Score Distribution

Your Account Isn't Verified!

In order to create a playlist on Sporcle, you need to verify the email address you used during registration. Go to your Sporcle Settings to finish the process.

Report this User

Report this user for behavior that violates our Community Guidelines.

Details: